Estudio de localización de la Estación de Acarigua. Fase 1
Uloženo v:
| Hlavní autor: | |
|---|---|
| Další autoři: | , , |
| Médium: | Kniha |
| Jazyk: | Spanish |
| Vydáno: |
Venezuela: Instituto de Estudios Regionales y Urbanos. Universidad Simón Bolivar
1980
|
| Tagy: |
Přidat tag
Žádné tagy, Buďte první, kdo vytvoří štítek k tomuto záznamu!
|
MARC
| LEADER | 00000nam a2200000Ia 4500 | ||
|---|---|---|---|
| 003 | MV0031 | ||
| 005 | 20221231143946.0 | ||
| 008 | 140114s1980 ve a 000 ||spa d | ||
| 040 | |c cru CEDI | ||
| 090 | |a MV 31 | ||
| 100 | |a Stohr, Tomás |9 18667 | ||
| 245 | |a Estudio de localización de la Estación de Acarigua. Fase 1 | ||
| 260 | |a Venezuela: Instituto de Estudios Regionales y Urbanos. Universidad Simón Bolivar |c 1980 | ||
| 300 | |a 124 páginas ;ilustraciones |b fotocopia | ||
| 700 | |9 21151 |a Henríquez, Beatríz | ||
| 700 | |9 21152 |a Morales, Diana | ||
| 700 | |9 21153 |a Mundó, Josefina | ||
| 942 | |c MX | ||
| 999 | |c 14812 |d 14812 | ||
